<?xml version="1.0" encoding="UTF-8"?>
<record
    xmlns:xsi="http://www.w3.org/2001/XMLSchema-instance"
    xsi:schemaLocation="http://www.loc.gov/MARC21/slim http://www.loc.gov/standards/marcxml/schema/MARC21slim.xsd"
    xmlns="http://www.loc.gov/MARC21/slim">

  <leader>01103nam a22002177a 4500</leader>
  <controlfield tag="003">OSt</controlfield>
  <controlfield tag="005">20210727101900.0</controlfield>
  <controlfield tag="008">180802b        xxu||||| |||| 00| 0 eng d</controlfield>
  <datafield tag="020" ind1=" " ind2=" ">
    <subfield code="a">9781292135601</subfield>
  </datafield>
  <datafield tag="040" ind1=" " ind2=" ">
    <subfield code="c">LC</subfield>
  </datafield>
  <datafield tag="050" ind1=" " ind2=" ">
    <subfield code="a">HF5636.A87</subfield>
  </datafield>
  <datafield tag="100" ind1=" " ind2=" ">
    <subfield code="q">Atrill, Peter</subfield>
  </datafield>
  <datafield tag="245" ind1=" " ind2=" ">
    <subfield code="a">Accounting and finance for non-specialists. /</subfield>
    <subfield code="c">Peter Atrill and Eddie McLaney</subfield>
  </datafield>
  <datafield tag="250" ind1=" " ind2=" ">
    <subfield code="a">10th ed.</subfield>
  </datafield>
  <datafield tag="260" ind1=" " ind2=" ">
    <subfield code="a">Harlow, England:</subfield>
    <subfield code="b">Pearson,</subfield>
    <subfield code="c">2017.</subfield>
  </datafield>
  <datafield tag="300" ind1=" " ind2=" ">
    <subfield code="a">xix, 595 p.:</subfield>
    <subfield code="b">ill.;</subfield>
    <subfield code="c">24cm.</subfield>
  </datafield>
  <datafield tag="500" ind1=" " ind2=" ">
    <subfield code="a">Includes Appendix and Index.</subfield>
  </datafield>
  <datafield tag="505" ind1=" " ind2=" ">
    <subfield code="a">Contents: Introduction to accounting and finance -- Part one: Financial accounting -- Measuring and reporting financial position -- Measuring and reporting financial performance -- Accounting for limited companies -- Measuring and reporting cash flows -- Analysing and interpreting financial statements -- Part Two: Management accounting -- The relevance and behavior of costs -- Full costing -- Budgeting -- Part 3:Finance -- Making Capital Investment decisions -- Financing a business -- Managing working capital. </subfield>
  </datafield>
  <datafield tag="700" ind1=" " ind2=" ">
    <subfield code="q">McLaney, Eddie</subfield>
  </datafield>
  <datafield tag="942" ind1=" " ind2=" ">
    <subfield code="2">lcc</subfield>
    <subfield code="c">BK</subfield>
  </datafield>
  <datafield tag="999" ind1=" " ind2=" ">
    <subfield code="c">6624</subfield>
    <subfield code="d">14124</subfield>
  </datafield>
  <datafield tag="952" ind1=" " ind2=" ">
    <subfield code="0">0</subfield>
    <subfield code="1">0</subfield>
    <subfield code="2">lcc</subfield>
    <subfield code="4">0</subfield>
    <subfield code="7">0</subfield>
    <subfield code="a">WIUC-1</subfield>
    <subfield code="b">WIUC-1</subfield>
    <subfield code="c">REF</subfield>
    <subfield code="d">2018-08-02</subfield>
    <subfield code="l">0</subfield>
    <subfield code="o">HF5636.A87</subfield>
    <subfield code="p">8219/037/18</subfield>
    <subfield code="r">2018-08-02 00:00:00</subfield>
    <subfield code="t">1</subfield>
    <subfield code="w">2018-08-02</subfield>
    <subfield code="y">BK</subfield>
  </datafield>
  <datafield tag="952" ind1=" " ind2=" ">
    <subfield code="0">0</subfield>
    <subfield code="1">0</subfield>
    <subfield code="2">lcc</subfield>
    <subfield code="4">0</subfield>
    <subfield code="7">0</subfield>
    <subfield code="a">WIUC-1</subfield>
    <subfield code="b">WIUC-1</subfield>
    <subfield code="c">REF</subfield>
    <subfield code="d">2018-08-02</subfield>
    <subfield code="l">0</subfield>
    <subfield code="o">HF5636.A871</subfield>
    <subfield code="p">8220/038/18</subfield>
    <subfield code="r">2018-08-02 00:00:00</subfield>
    <subfield code="t">2</subfield>
    <subfield code="w">2018-08-02</subfield>
    <subfield code="y">BK</subfield>
  </datafield>
  <datafield tag="952" ind1=" " ind2=" ">
    <subfield code="0">0</subfield>
    <subfield code="1">0</subfield>
    <subfield code="2">lcc</subfield>
    <subfield code="4">0</subfield>
    <subfield code="7">0</subfield>
    <subfield code="a">WIUC-1</subfield>
    <subfield code="b">WIUC-1</subfield>
    <subfield code="c">REF</subfield>
    <subfield code="d">2018-08-02</subfield>
    <subfield code="l">0</subfield>
    <subfield code="o">HF5636.A872</subfield>
    <subfield code="p">8221/039/18</subfield>
    <subfield code="r">2018-08-02 00:00:00</subfield>
    <subfield code="t">3</subfield>
    <subfield code="w">2018-08-02</subfield>
    <subfield code="y">BK</subfield>
  </datafield>
  <datafield tag="952" ind1=" " ind2=" ">
    <subfield code="0">0</subfield>
    <subfield code="1">0</subfield>
    <subfield code="2">lcc</subfield>
    <subfield code="4">0</subfield>
    <subfield code="7">0</subfield>
    <subfield code="a">WIUC-KL</subfield>
    <subfield code="b">WIUC-KL</subfield>
    <subfield code="c">GEN</subfield>
    <subfield code="d">2019-10-31</subfield>
    <subfield code="l">0</subfield>
    <subfield code="o">HF5636.A87(10e)</subfield>
    <subfield code="p">K/1092/1092/19</subfield>
    <subfield code="r">2021-07-27 00:00:00</subfield>
    <subfield code="t">1</subfield>
    <subfield code="w">2018-08-02</subfield>
    <subfield code="y">BK</subfield>
  </datafield>
  <datafield tag="952" ind1=" " ind2=" ">
    <subfield code="0">0</subfield>
    <subfield code="1">0</subfield>
    <subfield code="2">lcc</subfield>
    <subfield code="4">0</subfield>
    <subfield code="7">0</subfield>
    <subfield code="a">WIUC-KL</subfield>
    <subfield code="b">WIUC-KL</subfield>
    <subfield code="c">GEN</subfield>
    <subfield code="d">2019-10-31</subfield>
    <subfield code="l">0</subfield>
    <subfield code="o">HF5636.A871(10e)</subfield>
    <subfield code="p">K/1093/1093/19</subfield>
    <subfield code="r">2021-07-27 00:00:00</subfield>
    <subfield code="t">2</subfield>
    <subfield code="w">2021-07-27</subfield>
    <subfield code="y">BK</subfield>
  </datafield>
  <datafield tag="952" ind1=" " ind2=" ">
    <subfield code="0">0</subfield>
    <subfield code="1">0</subfield>
    <subfield code="2">lcc</subfield>
    <subfield code="4">0</subfield>
    <subfield code="7">0</subfield>
    <subfield code="a">WIUC-KL</subfield>
    <subfield code="b">WIUC-KL</subfield>
    <subfield code="c">GEN</subfield>
    <subfield code="d">2019-10-31</subfield>
    <subfield code="l">0</subfield>
    <subfield code="o">HF5636.A872(10e)</subfield>
    <subfield code="p">K/1094/1094/19</subfield>
    <subfield code="r">2021-07-27 00:00:00</subfield>
    <subfield code="t">3</subfield>
    <subfield code="w">2021-07-27</subfield>
    <subfield code="y">BK</subfield>
  </datafield>
  <datafield tag="952" ind1=" " ind2=" ">
    <subfield code="0">0</subfield>
    <subfield code="1">0</subfield>
    <subfield code="2">lcc</subfield>
    <subfield code="4">0</subfield>
    <subfield code="7">0</subfield>
    <subfield code="a">WIUC-1</subfield>
    <subfield code="b">WIUC-1</subfield>
    <subfield code="c">REF</subfield>
    <subfield code="d">2018-08-02</subfield>
    <subfield code="o">HF5636.A873(10e)</subfield>
    <subfield code="p">8681/133/20</subfield>
    <subfield code="r">2022-01-27 00:00:00</subfield>
    <subfield code="t">4</subfield>
    <subfield code="w">2018-08-02</subfield>
    <subfield code="y">BK</subfield>
  </datafield>
  <datafield tag="952" ind1=" " ind2=" ">
    <subfield code="0">0</subfield>
    <subfield code="1">0</subfield>
    <subfield code="2">lcc</subfield>
    <subfield code="4">0</subfield>
    <subfield code="7">0</subfield>
    <subfield code="a">WIUC-1</subfield>
    <subfield code="b">WIUC-1</subfield>
    <subfield code="c">REF</subfield>
    <subfield code="d">2018-08-02</subfield>
    <subfield code="o">HF5636.A874(10e)</subfield>
    <subfield code="p">8682/134/20</subfield>
    <subfield code="r">2022-01-27 00:00:00</subfield>
    <subfield code="t">5</subfield>
    <subfield code="w">2018-08-02</subfield>
    <subfield code="y">BK</subfield>
  </datafield>
  <datafield tag="952" ind1=" " ind2=" ">
    <subfield code="0">0</subfield>
    <subfield code="1">0</subfield>
    <subfield code="2">lcc</subfield>
    <subfield code="4">0</subfield>
    <subfield code="7">0</subfield>
    <subfield code="a">WIUC-1</subfield>
    <subfield code="b">WIUC-1</subfield>
    <subfield code="c">REF</subfield>
    <subfield code="d">2018-08-02</subfield>
    <subfield code="o">HF5636.A875(10e)</subfield>
    <subfield code="p">8683/135/20</subfield>
    <subfield code="r">2022-01-27 00:00:00</subfield>
    <subfield code="t">6</subfield>
    <subfield code="w">2018-08-02</subfield>
    <subfield code="y">BK</subfield>
  </datafield>
</record>
